[Event "Barcelona Sants op 25th"]
[Site "Barcelona"]
[Date "2024.08.23"]
[Round "1"]
[White "Munoz Cuesta, Emilio Josep"]
[Black "Pham, Khoi"]
[Result "0-1"]
[WhiteElo "1997"]
[BlackElo "2351"]
[PlyCount "68"]
[EventDate "2024.08.23"]
[EventType "swiss"]
[EventRounds "10"]
[EventCountry "ESP"]
[SourceTitle "CBM 221 Extra"]
[Source "ChessBase"]
[SourceDate "2024.09.30"]
[SourceVersion "1"]
[SourceVersionDate "2024.09.30"]
[SourceQuality "1"]

1. e4 c5 2. c3 d5 3. d3 Nc6 4. Nf3 e5 5. Be2 Nf6 6. Nbd2 Be7 7. 0-0 0-0 8. Re1 d4 9. Nc4 Qc7 10. a4 h6 11. Bf1 Be6 12. Na3 Nd7 13. g3 a6 14. Bg2 Rab8 15. c4 Rbe8 16. Kh1 f5 17. Bh3 Bd6 18. Ng1 fxe4 19. Rxe4 Rxf2 20. Bxe6+ Rxe6 21. Nh3 Rf7 22. Bd2 Nf6 23. Rh4 Ne7 24. Nf2 Nf5 25. Rh3 Qc6+ 26. Kg1 e4 27. dxe4 Nxe4 28. Nxe4 Qxe4 29. Qe1 Ne3 30. Bxe3 dxe3 31. Rh4 Qc6 32. Nc2 e2 33. Qd2 Rf1+ 34. Rxf1 Qh1+ 0-1

[Event "Sitges op 48th"]
[Site "Sitges"]
[Date "2024.07.23"]
[Round "2"]
[White "Munoz Cuesta, Emilio Josep"]
[Black "Vitier Vazquez, Cristian"]
[Result "0-1"]
[WhiteElo "1997"]
[BlackElo "2357"]
[PlyCount "48"]
[EventDate "2024.07.22"]
[EventType "swiss"]
[EventRounds "9"]
[EventCountry "ESP"]
[SourceTitle "CBM 221 Extra"]
[Source "ChessBase"]
[SourceDate "2024.09.30"]
[SourceVersion "1"]
[SourceVersionDate "2024.09.30"]
[SourceQuality "1"]

1. f4 d5 2. Nf3 Nf6 3. e3 g6 4. b3 Bg7 5. Bb2 0-0 6. Be2 c5 7. Ne5 Nfd7 8. 0-0 Qc7 9. Nc3 Nxe5 10. Nb5 Qb6 11. Bxe5 Bxe5 12. fxe5 Nc6 13. Nc3 d4 14. Na4 Qa5 15. exd4 cxd4 16. Qe1 Nxe5 17. Qf2 Qxd2 18. Rad1 Qxc2 19. Rxd4 Be6 20. Qe3 f6 21. Rc1 Qxa2 22. Nc5 Bf7 23. Rd2 Qa3 24. Qc3 Rac8 0-1

[Event "Sant Boi Chalmeta Memorial op 28th"]
[Site "Sant Boi de Llobregat"]
[Date "2016.05.06"]
[Round "3"]
[White "Munoz Cuesta, Emilio Josep"]
[Black "Garcia Ruiz, Adrian"]
[Result "1-0"]
[WhiteElo "2115"]
[BlackElo "1889"]
[PlyCount "129"]
[EventDate "2016.04.22"]
[EventType "swiss"]
[EventRounds "9"]
[EventCountry "ESP"]
[SourceTitle "EXT 2017"]
[Source "ChessBase"]
[SourceDate "2016.10.25"]
[SourceVersion "1"]
[SourceVersionDate "2016.10.25"]
[SourceQuality "1"]

1. Nf3 d6 2. d4 f5 3. c3 Nf6 4. g3 g6 5. Bg2 Bg7 6. 0-0 0-0 7. Qb3+ e6 8. Nbd2 c6 9. Re1 Kh8 10. Ng5 Qe8 11. Nc4 d5 12. Nd6 Qd7 13. Bf4 Ne4 14. Bxe4 fxe4 15. h4 h6 16. Nh3 Rxf4 17. Nxf4 Qxd6 18. Nxg6+ Kh7 19. h5 Nd7 20. Kg2 e5 21. Rad1 exd4 22. cxd4 Nf6 23. Nf4 Qe7 24. Rh1 Bg4 25. Rh4 Rf8 26. Ng6 Qf7 27. Nxf8+ Bxf8 28. f3 Bxh5 29. Rdh1 Bg6 30. g4 Ne8 31. Qe3 exf3+ 32. exf3 Kg8 33. g5 h5 34. Rf4 Qd7 35. Re1 Ng7 36. Rf6 Bf5 37. Qf4 Be7 38. Qb8+ Qd8 39. Qxd8+ Bxd8 40. Rxf5 Nxf5 41. Re8+ Kf7 42. Rxd8 Nxd4 43. Rd7+ Kg6 44. Rxb7 Kxg5 45. Rxa7 h4 46. Rg7+ Kf4 47. Rf7+ Ke3 48. a4 Nb3 49. Rb7 Nc5 50. Re7+ Kf4 51. Rh7 d4 52. Rxh4+ Ke3 53. a5 d3 54. b4 d2 55. Rh1 Na6 56. f4 Nxb4 57. f5 Nd3 58. Rd1 c5 59. a6 c4 60. a7 c3 61. a8Q Ne1+ 62. Kg3 Ke2 63. Rxd2+ cxd2 64. Qe4+ Kd1 65. f6 1-0

[Event "Sant Boi City-ch"]
[Site "Sant Boi de Llobregat"]
[Date "2015.11.14"]
[Round "7"]
[White "Munoz Cuesta, Emilio Josep"]
[Black "Blasco Coll, Andreu"]
[Result "0-1"]
[WhiteElo "2182"]
[BlackElo "2293"]
[PlyCount "63"]
[EventDate "2015.10.03"]
[EventType "tourn"]
[EventRounds "9"]
[EventCountry "ESP"]
[SourceTitle "CBM 170 Extra"]
[Source "ChessBase"]
[SourceDate "2016.02.25"]
[SourceVersion "1"]
[SourceVersionDate "2016.02.25"]
[SourceQuality "1"]

1. g3 d5 2. c4 c6 3. d4 Nf6 4. Bg2 Bg4 5. c5 Nbd7 6. Qb3 b6 7. cxb6 axb6 8. h3 Bf5 9. Nc3 e6 10. Bf4 Be7 11. Nf3 h6 12. g4 Bh7 13. 0-0 0-0 14. Rfd1 Ne4 15. Nxe4 Bxe4 16. Ne5 Nxe5 17. Bxe4 Nxg4 18. Bc2 Nf6 19. Kh1 Ne4 20. Bxe4 dxe4 21. Qg3 Kh7 22. Rg1 g5 23. a3 Rg8 24. Be5 Qd5 25. Qg4 f6 26. Bc7 Ra7 27. Bxb6 Rb7 28. Bc5 e3+ 29. f3 Bxc5 30. dxc5 f5 31. Qa4 Rxb2 32. h4 0-1

[Event "Barcelona La Lira op-A 11th"]
[Site "Barcelona"]
[Date "2008.07.22"]
[Round "4.1"]
[White "Munoz Cuesta, Emilio Josep"]
[Black "Vives Cabau, Jordi"]
[Result "1-0"]
[WhiteElo "2198"]
[BlackElo "2116"]
[PlyCount "103"]
[EventDate "2008.07.19"]
[EventType "tourn"]
[EventRounds "9"]
[EventCountry "ESP"]
[SourceTitle "EXT 2024"]
[Source "ChessBase"]
[SourceDate "2023.10.10"]
[SourceVersion "1"]
[SourceVersionDate "2023.10.10"]
[SourceQuality "1"]

1. d3 e5 2. g3 f5 3. Bg2 Nc6 4. Nf3 Nf6 5. 0-0 Be7 6. a4 0-0 7. a5 Qe8 8. a6 b6 9. Nxe5 Nxe5 10. Bxa8 Bxa6 11. Bg2 Qc8 12. d4 Nc6 13. d5 Ne5 14. Nc3 d6 15. b4 Nc4 16. Qd4 Ne4 17. Rxa6 Qxa6 18. b5 Nxc3 19. Qxc4 Nxb5 20. Bb2 Qa5 21. Ra1 Qd2 22. Qxb5 a5 23. Qd3 Qg5 24. h4 Qh5 25. Qe3 Re8 26. Qe6+ Kf8 27. Bf3 Qf7 28. e4 fxe4 29. Bxe4 Bf6 30. Qxf7+ Kxf7 31. Bxf6 Rxe4 32. Bb2 Re2 33. Ba3 b5 34. Kf1 Rd2 35. Bxd6 cxd6 36. Rxa5 Rd1+ 37. Kg2 Rxd5 38. c4 Rc5 39. cxb5 Ke6 40. Kf3 Kd5 41. Ra7 Rxb5 42. Rxg7 Rb3+ 43. Kg4 Kd4 44. Rxh7 d5 45. h5 Ke5 46. Rd7 Ke6 47. Rd8 Rb7 48. h6 Ke5 49. f4+ Ke4 50. Kg5 d4 51. f5 d3 52. Kg6 1-0

[Event "Barcelona La Lira op-A 11th"]
[Site "Barcelona"]
[Date "2008.07.21"]
[Round "3.1"]
[White "Rodriguez Regull, German"]
[Black "Munoz Cuesta, Emilio Josep"]
[Result "1-0"]
[WhiteElo "2128"]
[BlackElo "2198"]
[PlyCount "77"]
[EventDate "2008.07.19"]
[EventType "tourn"]
[EventRounds "9"]
[EventCountry "ESP"]
[SourceTitle "EXT 2024"]
[Source "ChessBase"]
[SourceDate "2023.10.10"]
[SourceVersion "1"]
[SourceVersionDate "2023.10.10"]
[SourceQuality "1"]

1. d4 d6 2. c4 Nf6 3. Nc3 Nbd7 4. Nf3 c6 5. e4 Qc7 6. Be2 e5 7. 0-0 Be7 8. Bg5 0-0 9. Rc1 Re8 10. dxe5 dxe5 11. Bh4 Nf8 12. Bg3 Ng6 13. Ne1 Rd8 14. Qa4 Be6 15. Nc2 Nd7 16. Ne3 Nc5 17. Qc2 a5 18. Rcd1 Bg5 19. Nf5 Nf4 20. Bxf4 Bxf4 21. g3 Bg5 22. h4 Bf6 23. b3 g6 24. Ne3 Rd4 25. Ng2 Rad8 26. f4 exf4 27. gxf4 Bh3 28. Rxd4 Rxd4 29. h5 Qd8 30. hxg6 Rd2 31. gxf7+ Kxf7 32. Qc1 Qd4+ 33. Rf2 Kf8 34. e5 Ne4 35. Nxe4 Rxe2 36. exf6 Bxg2 37. Qa3+ Kg8 38. Qe7 Re1+ 39. Kh2 1-0

[Event "Barceloneta op"]
[Site "Barcelona"]
[Date "2001.10.06"]
[Round "2"]
[White "Munoz Cuesta, Emilio Josep"]
[Black "Ani, Virgil"]
[Result "1-0"]
[WhiteElo "2070"]
[BlackElo "1830"]
[PlyCount "51"]
[EventDate "2001.09.29"]
[EventType "swiss"]
[EventRounds "9"]
[EventCountry "ESP"]
[SourceTitle "CBM 085 Extra"]
[Source "ChessBase"]
[SourceDate "2002.01.21"]
[SourceVersion "1"]
[SourceVersionDate "2002.01.21"]
[SourceQuality "1"]

1. d4 d5 2. c4 e5 3. dxe5 d4 4. e4 Nc6 5. f4 Be6 6. Nf3 f6 7. f5 Bf7 8. e6 Bh5 9. Be2 Bb4+ 10. Kf1 Bxf3 11. gxf3 Qe7 12. a3 Bd6 13. b4 0-0-0 14. c5 Be5 15. Bd3 g5 16. Bd2 h5 17. b5 Nb8 18. Bb4 c6 19. a4 b6 20. cxb6 Qxb4 21. bxa7 Kb7 22. axb8Q+ Rxb8 23. Nd2 Ne7 24. bxc6+ Kxc6 25. Rc1+ Kd6 26. Nc4+ 1-0

[Event "Catalunya-chA"]
[Site "Spain"]
[Date "1996.10.06"]
[Round "1"]
[White "Coquard Devesa, Enric"]
[Black "Munoz Cuesta, Emilio Josep"]
[Result "1-0"]
[WhiteElo "2200"]
[BlackElo "2105"]
[PlyCount "46"]
[EventDate "1997.??.??"]
[EventType "swiss"]
[EventRounds "8"]
[EventCountry "ESP"]
[SourceTitle "EXT 2003"]
[Source "ChessBase"]
[SourceDate "2002.11.25"]
[SourceVersion "1"]
[SourceVersionDate "2002.11.25"]
[SourceQuality "1"]

1. d4 d5 2. Nf3 Nf6 3. e3 b6 4. Bd3 Bb7 5. b3 Nbd7 6. 0-0 g6 7. c4 Bg7 8. Nc3 c5 9. Bb2 0-0 10. Qe2 a6 11. Nxd5 Nxd5 12. cxd5 Bxd5 13. e4 Bb7 14. d5 Nf6 15. a4 Bc8 16. Rfd1 Qd7 17. Ne5 Qc7 18. Nc4 Bd7 19. Be5 Qb7 20. Qb2 Rfd8 21. d6 Bc6 22. dxe7 Qxe7 23. Nxb6 Ra7 1-0